Дефекты и колебательный спектр кристаллов; Теоретические и экспериментальные аспекты влияния точечных дефектов и неупорядоченностей на колебания кристаллов: пер. с англ.

Sonraí bibleagrafaíochta
Príomhchruthaitheoir: Марадудин А. А. Алексей А.
Achoimre:Книга крупного американского физика А. Марадудина, известного специалиста по физике твердого тела, посвящена проблеме влияния колебательного спектра кристаллов и его изменений при наличии различных дефектов и, в частности, примесей на физические свойства твердых тел. Систематически рассматривается изменение теплоемкости, инфракрасного поглощения в полупроводниках, теплопроводности и электропроводности, эффекта Мессбауэра и др. Книга рассчитана на физиков, работающих в различных областях физики твердого тела. Она будет также полезна преподавателям и студентам старших курсов тех вузов, где читаются лекции по физике твердого тела и отдельным ее разделам.
Teanga:Rúisis
Foilsithe / Cruthaithe: Москва, Мир, 1968
Ábhair:
Formáid: LEABHAR
KOHA link:https://koha.lib.tpu.ru/cgi-bin/koha/opac-detail.pl?biblionumber=176865

MARC

LEADER 00000nam0a2200000 4500
001 176865
005 20231101223311.0
035 |a (RuTPU)RU\TPU\book\191765 
090 |a 176865 
100 |a 20100305d1968 k y0rusy50 ca 
101 1 |a rus  |c eng 
102 |a RU 
105 |a a z 001zy 
200 1 |a Дефекты и колебательный спектр кристаллов  |a Теоретические и экспериментальные аспекты влияния точечных дефектов и неупорядоченностей на колебания кристаллов  |e пер. с англ.  |f А. А. Марадудин 
210 |a Москва  |c Мир  |d 1968 
215 |a 432 с.  |c граф. 
320 |a Библиогр.: с. 410-429. 
330 |a Книга крупного американского физика А. Марадудина, известного специалиста по физике твердого тела, посвящена проблеме влияния колебательного спектра кристаллов и его изменений при наличии различных дефектов и, в частности, примесей на физические свойства твердых тел. Систематически рассматривается изменение теплоемкости, инфракрасного поглощения в полупроводниках, теплопроводности и электропроводности, эффекта Мессбауэра и др. Книга рассчитана на физиков, работающих в различных областях физики твердого тела. Она будет также полезна преподавателям и студентам старших курсов тех вузов, где читаются лекции по физике твердого тела и отдельным ее разделам. 
606 1 |a Кристаллические решетки  |x Колебания  |2 stltpush  |3 (RuTPU)RU\TPU\subj\80315  |9 88040 
606 1 |a Кристаллы  |x Дефекты  |x (кристаллография)  |2 stltpush  |3 (RuTPU)RU\TPU\subj\68763  |9 83924 
610 1 |a электрические свойства 
610 1 |a теплопроводность 
610 1 |a эффект Мессбауэра 
675 |a 548.31  |v 3 
675 |a 548.4  |v 3 
700 1 |a Марадудин  |b А. А.  |g Алексей А. 
801 1 |a RU  |b 63413507  |c 20100305 
801 2 |a RU  |b 63413507  |c 20210125  |g RCR 
942 |c BK